[Event "Sharjah Master 2024"]
[Site "Shsrjah - Abu Dhabi"]
[Date "2024.05.19"]
[Round "?"]
[White "Madaminov, Mukhiddin"]
[Black "Kadric, Denis"]
[Result "1-0"]
[WhiteElo "2504"]
[BlackElo "2558"]
[PlyCount "103"]
[EventDate "2024.05.14"]
[EventCountry "UAE"]

{[%evp 15,103,42,45,35,39,41,60,71,103,33,46,15,16,16,96,0,0,0,-1,-40,0,0,0,0,0,0,0,0,1,-24,12,13,17,8,23,0,0,3,2,0,4,2,2,3,4,3,9,9,22,16,14,14,14,14,17,17,17,16,120,18,19,13,14,8,14,16,21,7,16,14,256,232,237,221,243,208,234,221,444,444,460,460,460,460,577,566,561,551,635,629]} 1. e4 e5 2. Nf3 Nf6 3. d4 Nxe4 4. Bd3 Nc6 5. O-O d5 6. dxe5 Bg4 7. Nc3 Nxc3 8. bxc3 Bc5 9. Re1 Qd7 10. Rb1 Bb6 11. h3 {White is slightly better.} Bh5 12. g4 $146 ({RR} 12. Bg5 {12.e6 1.13} h6 13. Bh4 Qe6 (13... g5 $15 14. Bg3 O-O-O) 14. g4 Bg6 $1 15. Nd4 (15. Kg2 $14) 15... Nxd4 16. cxd4 Bxd3 17. Qxd3 h5 18. g5 Qg6 19. Rbd1 O-O-O ({Better is} 19... O-O $14) 20. f4 Qxd3 21. Rxd3 g6 22. c3 c5 23. Bf2 c4 (23... cxd4 $16 24. Bxd4 Bxd4+ 25. cxd4 Kd7) 24. Rf3 Ba5 25. Rb1 a6 26. Be1 h4 {Perez Ponsa,F (2538)-Deac,B (2690) chess.com INT 2024 0-1 (65)}) (12. e6 $16 fxe6 13. Bf5) 12... Bg6 $1 $14 13. Rb5 O-O-O 14. Bg5 Ne7 $6 {Inaccuracy. a6 was best.} (14... a6 15. Rxb6) (14... a6 $11 {keeps the balance.} 15. Rxb6 cxb6) 15. Bxe7 $2 {Mistake. a4 was best.} (15. a4) (15. a4 $16) 15... Qxe7 $11 16. Bxg6 hxg6 17. Rxd5 Rxh3 (17... Qa3 {is interesting.} 18. Qd3 Qxa2 19. c4 c6 20. Rd6 Qa5) 18. Rxd8+ Qxd8 19. Qxd8+ Kxd8 $16 {[%mdl 4096] Endgame KRB-KRN} 20. Kg2 Rh8 21. Ng5 Ke7 22. Rd1 Rf8 23. f4 c6 24. c4 Bc7 25. Kf3 f6 26. exf6+ Rxf6 27. Rd4 c5 28. Re4+ Kd7 29. Nh7 Rf7 $1 30. Ke3 Bd8 31. Re5 Be7 32. Rd5+ Kc6 33. Ng5 Bxg5 34. Rxg5 $11 {KR-KR} Rf6 35. Re5 Kd6 36. Kf3 Rf8 $2 {[#] Mistake. b6 was best.} (36... b6 37. Ke4 Kd7 38. Rd5+ Ke7 39. Rg5 Kd7 40. Re5 Rc6 41. g5 Rc8 42. Rd5+) (36... b6 $11) 37. Kg3 $2 {Mistake. Rd5+ was best.} (37. Rd5+ $1) (37. Rd5+ $1 $16 Kc6 38. Ke4) 37... b6 38. Re3 Rf7 39. Re2 Rf8 40. Re3 Rf7 41. Rf3 Ke6 42. Kh4 Rd7 $4 {Blunder. Kf6 was best.} (42... Kf6 43. Rd3 Rf8 44. Rd5 Rh8+ 45. Kg3 Ke7 46. Rd1 Rh6 47. g5 Rh8 48. Rd3) (42... Rf6 $11) 43. Kg5 $18 Kf7 44. Rd3 Re7 45. c3 Re4 46. Rd7+ Kf8 $2 {Mistake. Kg8 was best.} (46... Kg8 47. Kxg6 Rxf4 {[#]} 48. g5 $1 Kf8 49. Rxa7 Rxc4 50. Rb7 Rxc3 51. Rxb6 c4 52. a4) (46... Kg8 $142 47. Kxg6 (47. Rxa7 Kh7 $16) 47... Rxf4) 47. Rxa7 {White is clearly winning.} Rxc4 $6 {Inaccuracy. Re6 was best.} (47... Re6 48. Ra8+ Kf7 49. a4 Rc6 50. Ra6 Re6 51. a5 bxa5 52. Rxa5 Rc6 53. Ra8) 48. Rb7 Rxc3 49. Kxg6 Rc1 $6 {Inaccuracy. Rd3 was best.} (49... Rd3 50. Rb8+ Ke7 51. f5 Rg3 52. g5 Kd6 53. Rg8 c4 54. Rxg7 c3 55. Rh7) 50. f5 c4 51. g5 {aiming for Rb8+.} c3 52. Rxg7 {Accuracy: White = 82%, Black = 68%.} 1-0

[Event "Sharjah Master 2024"]
[Site "Shsrjah - Abu Dhabi"]
[Date "2024.05.19"]
[Round "?"]
[White "Samant Aditya S"]
[Black "Sjugirov, Sanan"]
[Result "0-1"]
[WhiteElo "2499"]
[BlackElo "2691"]
[PlyCount "92"]
[EventDate "2024.05.14"]
[EventCountry "UAE"]

1. e4 c5 2. Nf3 d6 3. d4 cxd4 4. Nxd4 Nf6 5. Nc3 a6 6. Be3 e5 7. Nf3 Be7 8. Bc4 Be6 9. Bxe6 fxe6 10. Ng5 Qd7 11. Qf3 d5 12. O-O-O d4 13. Bxd4 exd4 14. e5 Nc6 $146 ({RR} 14... O-O 15. Qh3 h6 16. Nxe6 Nc6 17. exf6 Rxf6 18. Nxd4 Qxh3 19. gxh3 Nxd4 20. Rxd4 Rxf2 21. Ne4 Re2 22. Kd1 Rg2 23. Rd2 Rd8 24. Re1 Rxh2 25. Rxd8+ Bxd8 26. Re3 Be7 27. a3 Kf7 28. b4 b5 29. Nc5 {Ahmadzada,A (2482)-Ter Sahakyan,S (2652) chess.com INT 2024 1-0 (44)}) 15. exf6 Bxf6 16. Qh5+ g6 17. Nce4 O-O 18. Qg4 Bxg5+ 19. Nxg5 Rxf2 20. Qxe6+ Qxe6 21. Nxe6 Rxg2 22. Nxd4 Nxd4 23. Rxd4 Rf8 24. h4 Kg7 25. a4 Rf7 26. b3 h5 27. Rhd1 Kh6 28. Kb2 Rg4 29. Kc3 Rf3+ 30. Kc4 $2 {Mistake. Kb2 was best.} (30. Kb2 a5 31. Rd7 Rxh4 32. Rxb7 Rhf4 33. Rb5 Rf5 34. c4 Rf1 35. Rxf5 Rxf5) 30... Rff4 31. c3 Rxh4 32. Kc5 Rf5+ 33. Kb6 Rh3 $2 {Mistake. Rxd4 was best.} (33... Rxd4 34. cxd4 Rd5 35. Kxb7 g5 36. Kc6 Rd8 37. d5 g4 38. d6 g3 39. Kc7) 34. Kxb7 Rxc3 35. b4 Rf6 36. b5 $4 {Blunder. Rd6 was best.} (36. Rd6) 36... axb5 37. axb5 Rb3 38. Rd5 h4 39. Kc7 $6 {Inaccuracy. R1d3 was best.} (39. R1d3 Rb4) 39... g5 40. Rg1 Rg6 41. Kd7 h3 42. Ke7 g4 43. Rh1 Rg5 44. Rd6+ Kh5 45. b6 Rg6 46. Rd5+ Kh4 0-1

[Event "Sharjah Master 2024"]
[Site "Shsrjah - Abu Dhabi"]
[Date "2024.05.19"]
[Round "?"]
[White "Yilmaz, Mustafa"]
[Black "Avila Pavas, Santiago"]
[Result "1-0"]
[WhiteElo "2641"]
[BlackElo "2514"]
[PlyCount "105"]
[EventDate "2024.05.14"]
[EventCountry "UAE"]

{[%evp 9,105,35,43,34,42,40,41,38,45,35,47,34,34,27,29,28,34,28,42,44,45,46,48,48,52,60,60,45,58,58,61,61,71,69,100,89,101,88,87,87,88,88,196,96,251,210,203,210,207,207,210,213,266,258,258,246,257,255,264,213,277,268,346,267,269,262,269,269,271,264,267,259,250,253,272,259,284,270,291,291,292,298,295,287,324,310,328,332,334,341,348,326,371,321,391,400,401,400]} 1. d4 d5 2. c4 e6 3. Nf3 Nf6 4. Nc3 a6 5. cxd5 exd5 6. Bg5 Be6 7. e3 Nbd7 8. Bd3 {White is slightly better.} Bd6 9. O-O c6 10. Bf4 Qc7 11. Bxd6 Qxd6 12. Qc2 O-O 13. h3 h6 14. Rfe1 $146 ({RR} 14. Rfc1 Nb6 15. Rab1 Qc7 16. a4 Ne8 17. a5 Nd7 18. b4 Nd6 19. Na4 Rfe8 20. Ne5 Rad8 21. Nc5 Nf8 22. Nxa6 bxa6 23. Bxa6 Bf5 24. Bd3 $1 {[%cal Rd3f5]} Bxd3 25. Qxd3 Rxe5 $1 26. dxe5 Nc4 27. f4 (27. e4 $16) 27... Ne6 28. Kh1 c5 {Pang,T (2430)-Kusa,J (2350) Marianske Lazne CZE 2024 1-0 (44)}) ({RR} 14. Rfc1 Qe7 15. Na4 Ne8 16. Nc5 Nd6 17. b4 Rfe8 18. a4 g6 19. Rab1 Rab8 (19... Qf6 $14) 20. b5 ({Better is} 20. Ne5 $16) 20... cxb5 21. axb5 a5 ({Black should play} 21... Rbc8 $14) 22. b6 Bf5 $2 (22... Nxc5 $14 23. Qxc5 Ra8) 23. Bxf5 Nxf5 24. Qb3 Nf6 25. Ne5 Kg7 26. Ra1 Ra8 (26... Nd6 {was necessary.} 27. Rxa5 h5) 27. Rc2 $2 (27. Nxb7 $1 $18 {[%mdl 512]} a4 (27... Qxb7 28. Rc7) 28. Rxa4 Rxa4 29. Qxa4 Qxb7 30. Rc7 {[%mdl 64] Double Attack} Qxb6 31. Rxf7+ Kg8 32. Rxf6 {[%mdl 64] Remove Defender} Qxf6 33. Qxe8+ {[%mdl 64] Double Attack} Kg7 34. Qd7+ Ne7 35. g3) 27... Red8 $2 (27... Rec8 $16 {is a better defense.} 28. Ra3 Nd6) 28. Rca2 Nh7 {Rustemov,A (2525)-Krzywda,A (2211) chess.com INT 2024 1-0 (46)} (28... Ne4 $142)) 14... Rfc8 15. Rad1 b5 16. Ne2 c5 17. dxc5 Nxc5 18. Nf4 Bd7 19. Qd2 Nxd3 20. Qxd3 Rc5 21. Qd2 Qe7 22. Nd4 Rac8 23. Qb4 Qd8 24. Nd3 Rc4 25. Qd6 Qa5 $6 {Inaccuracy. Qc7 was best.} (25... Qc7 26. Qxc7 R4xc7 27. g4 a5 28. f3 b4 29. h4 g6 30. Kf2 Kg7 31. Nf4) (25... Qc7 $16 26. Qxc7 R4xc7) 26. a3 $6 {Inaccuracy. Ne5 was best.} (26. Ne5 R4c7 27. a3 Rb7 28. Qe7 Rf8 29. Nb3 Qc7 {[#]} 30. Rc1 $1 {[%cal Rc1c7]} Qd8 31. Qxd8 Rxd8) (26. Ne5 $18 {is more deadly.} R4c7 27. a3) 26... Be6 $2 {Mistake. Qc7 was best.} (26... Qc7 27. Qxc7) (26... Qc7 $16 27. Qxc7 R8xc7) 27. Ne5 ({Weaker is} 27. Nxe6 R4c6 $14) 27... Ne4 28. Nxc4 bxc4 29. Qe5 Re8 30. Ne2 Nf6 31. Qc3 Qb6 32. b4 Bf5 33. Nf4 Qc6 34. Qd4 Be6 35. f3 Qa4 36. Qc3 $6 {Inaccuracy. e4 was best.} (36. e4 dxe4 37. fxe4 Rc8 38. Nxe6 fxe6 39. Qe5 Re8 40. Rc1 Qxa3 41. Rxc4 Qb3) 36... Qc6 37. Rd2 Bf5 38. Red1 Be6 39. Kf2 Qb5 40. Qd4 Qa4 41. Ra1 a5 42. Qc3 Rb8 43. Rb2 ({But not} 43. bxa5 $6 Rb3 $16) 43... Nd7 44. bxa5 {aiming for Rxb8+.} Rxb2+ 45. Qxb2 Qxa5 46. Qb4 Qa7 47. Rb1 Kh7 48. Rd1 Qa8 49. a4 Ne5 50. Qb1+ Kh8 51. Qb5 Qc8 52. Rb1 Kh7 53. Qb8 {Accuracy: White = 84%, Black = 73%.} 1-0

[Event "Sharjah Master 2024"]
[Site "Shsrjah - Abu Dhabi"]
[Date "2024.05.19"]
[Round "?"]
[White "Cardoso Cardoso, Jose Gabriel"]
[Black "Kacharava, Nikolozi"]
[Result "1/2-1/2"]
[WhiteElo "2496"]
[BlackElo "2527"]
[PlyCount "218"]
[EventDate "2024.05.14"]
[EventCountry "UAE"]

1. e4 e5 2. Nf3 Nc6 3. Bb5 a6 4. Ba4 Nf6 5. O-O b5 6. Bb3 Bc5 7. a4 Bb7 8. c3 d6 9. d4 Bb6 10. Re1 O-O 11. Bg5 h6 12. Bh4 b4 13. d5 Na5 14. Bxf6 $146 {Inaccuracy. cxb4 was best.} (14. cxb4 Nxb3 15. Qxb3 g5 16. Bg3 Nxe4 17. Rxe4 f5 18. Re1 f4 19. Kh1 fxg3) ({RR} 14. cxb4 Nxb3 15. Qxb3 g5 16. Bg3 Nh5 17. a5 Ba7 18. Nbd2 Qd7 19. Rac1 Rac8 20. Rc2 f5 21. exf5 Qf7 22. Qd3 Qxd5 23. Qxd5+ Bxd5 24. Rec1 Rf7 25. Nc4 Rb8 26. Ne3 Bxe3 27. fxe3 Rxb4 28. Rxc7 Rxc7 {Suyarov,M (2405)-Saydaliev,S (2463) Tashkent UZB 2024 0-1 (73)}) ({RR} 14. cxb4 Nxb3 15. Qxb3 g5 16. Bg3 Nh5 17. Nbd2 f5 18. exf5 Qf6 19. Nc4 Bxd5 20. Qd3 {0-1 (20) Hong,A (2539)-Sindarov,J (2701) Samarkand UZB 2023}) 14... Qxf6 15. cxb4 Nxb3 16. Qxb3 g5 $6 {Inaccuracy. Qf4 was best.} (16... Qf4) 17. Re2 Qg6 18. Nfd2 f5 19. Nc4 Bd4 20. Na5 fxe4 21. Nc3 Qh5 22. Rae1 Bc8 $6 {Inaccuracy. Qf7 was best.} (22... Qf7 23. Qc2 Bc8 24. Nxe4 Bf5 25. Kh1 Kh8 26. f3 g4 27. Nc6 gxf3 28. gxf3) 23. Nxe4 Bd7 $6 {Inaccuracy. Bg4 was best.} (23... Bg4 24. Rd2 Bd7 25. Qc4 Rf4 26. Nc6 Bxc6 27. Qxc6 Raf8 28. Qxa6 Qg6 29. Qe2) 24. Qc2 Bf5 25. Nc6 Bxe4 26. Qxe4 Rf4 27. Qd3 Qf7 28. g3 Bxf2+ 29. Kg2 Rf6 30. Rf1 Rf8 31. Nd8 Rxd8 32. Rexf2 Rxf2+ 33. Rxf2 Qg7 $6 {Inaccuracy. Qh7 was best.} (33... Qh7 34. Qxh7+ Kxh7 35. Rf7+ Kg6 36. Rxc7 Kf5 37. Kf3 e4+ 38. Ke3 Ke5 39. Rc4) 34. Qxa6 Rf8 $6 {Inaccuracy. e4 was best.} (34... e4) 35. Rxf8+ Qxf8 36. Qd3 Kg7 $6 {Inaccuracy. Qe8 was best.} (36... Qe8 37. a5 e4 38. Qc2 Qe5 39. a6 Qd4 40. h3 h5 41. Qc3 Qxd5 42. Qe3) 37. a5 Qb8 38. b5 Qa7 39. b4 g4 40. Kf1 h5 41. Qc3 Qb8 $6 {Inaccuracy. Kg6 was best.} (41... Kg6 42. Qc2+ Kh6 43. Qf2 Qb7 44. Qf6+ Kh7 45. Qf5+ Kg7 46. Qd3 Qa7 47. Kg2) 42. Qc6 Kh8 $6 {Inaccuracy. Qa7 was best.} (42... Qa7 43. Ke2) 43. b6 $4 {Blunder. Ke1 was best.} (43. Ke1 Qf8 44. Qxc7 Qf3 45. Qc4 Qh1+ 46. Kd2 Qxh2+ 47. Kc1 Qg1+ 48. Kb2 Qg2+) 43... Qf8+ 44. Ke1 cxb6 45. axb6 Qf5 46. Kd2 $6 {Inaccuracy. Qc4 was best.} (46. Qc4) 46... Qf2+ 47. Kc3 Qe3+ 48. Kb2 Qd2+ 49. Kb3 Qd1+ 50. Qc2 Qxd5+ 51. Ka3 Qd4 52. Qc6 Qd3+ 53. Kb2 Qd2+ 54. Kb3 Qd3+ 55. Qc3 Qd5+ 56. Kb2 Kg7 57. Ka3 Kf6 58. Qc8 Qb5 59. Qd8+ Ke6 60. Qc8+ Kf6 61. Qb7 Qd3+ 62. Ka4 Qc2+ $4 {Blunder. Qc4 was best.} (62... Qc4 63. Ka5 e4 64. Qc7 Qa2+ 65. Kb5 Qd5+ 66. Ka6 Qa8+ 67. Qa7 Qd5 68. Qc7) 63. Kb5 Qd3+ 64. Kc6 Qc4+ $4 {Blunder. e4 was best.} (64... e4 65. Qc8 e3 66. b7 Qc4+ 67. Kd7 Qe6+ 68. Kc7 Qc4+ 69. Kb8 Qxb4 70. Qh8+) 65. Kd7 Qf7+ $6 {Inaccuracy. e4 was best.} (65... e4 66. Qc8) 66. Kc8 Qe8+ 67. Kc7 Qe7+ 68. Kc6 Qxb7+ 69. Kxb7 e4 70. Kc6 e3 71. b7 e2 72. b8=Q e1=Q 73. Qxd6+ Kg7 74. Qd4+ Kh7 75. Kd5 $6 {Inaccuracy. b5 was best.} (75. b5 Qc1+ 76. Kd7 Qh1 77. Kc7 h4 78. b6 Qc1+ 79. Kb8 Qc6 80. gxh4 Kh6) 75... Qf1 76. Qe4+ Kg7 77. Kc5 Qf8+ 78. Kb5 $4 {Blunder. Kc4 was best.} (78. Kc4) 78... Qf2 79. Qe7+ Kh6 80. Qd6+ Kh7 81. Qc7+ Kg8 82. Qb8+ Kh7 83. Qb7+ Kh8 84. Qh1 Qe2+ 85. Ka5 Qa2+ 86. Kb6 Qf2+ 87. Ka6 Qa2+ 88. Kb6 Qf2+ 89. Kb5 Qe2+ 90. Kc5 Qf2+ 91. Kc4 Qc2+ 92. Kd5 Qd2+ 93. Ke6 Qe3+ 94. Kd6 Qb6+ 95. Kd7 Qxb4 96. Qd5 h4 97. Qh5+ Kg7 98. Qg5+ Kf7 99. Qf5+ Kg7 100. Qe5+ Kf7 101. Qf5+ Kg7 102. Qg5+ Kf7 103. Qh5+ Kg7 104. Qxh4 Qd4+ 105. Ke6 Qe4+ 106. Kd6 Qd4+ 107. Ke7 Qe5+ 108. Kd8 Qd4+ 109. Ke8 Qa4+ 1/2-1/2

[Event "Sharjah Master 2024"]
[Site "Shsrjah - Abu Dhabi"]
[Date "2024.05.19"]
[Round "?"]
[White "Raja Rithvik R"]
[Black "Seemann, Jakub"]
[Result "1/2-1/2"]
[WhiteElo "2523"]
[BlackElo "2474"]
[PlyCount "46"]
[EventDate "2024.05.14"]
[EventCountry "UAE"]

1. d4 Nf6 2. c4 e6 3. Nc3 Bb4 4. Qc2 O-O 5. e4 d5 6. e5 Ne4 7. Bd3 c5 8. Nf3 cxd4 9. Nxd4 Nd7 10. Bf4 Ndc5 11. O-O Bxc3 12. bxc3 Nxd3 13. Qxd3 b6 14. cxd5 Qxd5 15. Rfd1 Bb7 16. c4 ({RR} 16. f3 Nc5 17. Qe2 Ba6 18. Nb5 Bxb5 19. Qxb5 Qb7 20. Rab1 Rfc8 21. Rd6 Qa6 22. Qxa6 Nxa6 23. Rbd1 h6 24. R1d3 Nc7 25. c4 Na6 26. R3d4 Nb4 27. Bd2 Nc6 28. Re4 Rc7 29. Be3 Ne7 30. g4 Rac8 {Rounaiv Rana (2099)-Khripachenko,A (2296) Belgrade SRB 2024 0-1 (55)}) 16... Qa5 $146 ({RR} 16... Qd8 17. Qh3 Qc8 18. Rac1 a6 19. Qg4 f5 20. exf6 Rxf6 21. f3 Nc5 22. Nb3 Rg6 23. Qh5 e5 24. Bg3 e4 25. Nxc5 bxc5 26. fxe4 Bxe4 27. Rd6 Qb7 28. Rd2 Qc6 29. Qe5 Re8 30. Qc7 Qxc7 31. Bxc7 {Getman,T (2188)-Arabidze,M (2462) Samarkand UZB 2023 ½-½ (42)}) 17. Nb5 Bc6 18. a4 Qb4 19. Qd4 Rfc8 20. Nd6 Nxd6 21. exd6 Bd7 22. Bh6 gxh6 23. Qg4+ Kh8 1/2-1/2

[Event "Sharjah Master 2024"]
[Site "Shsrjah - Abu Dhabi"]
[Date "2024.05.19"]
[Round "?"]
[White "Sethuraman, S.P."]
[Black "Dronavalli, Harika"]
[Result "1-0"]
[WhiteElo "2588"]
[BlackElo "2503"]
[PlyCount "165"]
[EventDate "2024.05.14"]
[EventCountry "UAE"]

{[%evp 12,165,71,73,101,69,67,63,60,60,76,76,84,79,79,74,87,83,85,83,84,82,81,69,67,34,32,29,25,34,32,30,39,12,41,2,7,0,55,53,57,76,104,102,104,102,106,99,110,111,107,108,107,108,103,84,107,107,87,89,81,55,85,59,59,61,65,66,72,66,59,57,57,42,76,58,51,31,49,0,10,0,12,12,52,64,71,37,96,105,300,234,323,119,99,110,92,88,335,335,330,324,325,312,309,308,323,303,300,266,366,360,417,416,419,348,405,371,390,330,392,387,420,420,416,416,410,417,409,401,387,386,413,399,361,368,449,450,441,359,399,398,437,437,435,435,526,526,574,29963,29982,29977,29984,29985,29989,29990]} 1. e4 e6 2. d4 d5 3. Nc3 {[%cal Bb1c3,Bc3b5,Bb5d4][%mdl 32]} Bb4 4. e5 c5 5. a3 Ba5 6. b4 cxd4 7. Qg4 (7. Qxd4 Bb6 $11) 7... Kf8 8. Nb5 (8. bxa5 $6 dxc3 9. Qb4+ Ne7 $11) 8... Bb6 9. Nf3 ({Much weaker is} 9. Nxd4 Qc7 $15) 9... Nc6 {White is slightly better.} 10. Bb2 Nge7 11. Nbxd4 h5 12. Qf4 $146 ({RR} 12. Qg5 Ng6 13. Qd2 ({White should play} 13. Qxd8+ $14 Bxd8 14. Nxc6 bxc6 15. Bd3) 13... Ncxe5 14. Nxe5 Nxe5 15. Nxe6+ Bxe6 16. Bxe5 f6 ({Black should try} 16... Bg4 $17 17. Qf4 Qe7) 17. Bb2 Kf7 18. Be2 Bf5 19. O-O Rc8 20. Rac1 h4 21. Rfd1 Be4 22. h3 $2 {[%mdl 8192]} (22. c4 $14 {stays ahead.}) 22... Qd6 23. Bd3 Rhe8 (23... Bf3 $1 $19 {[%mdl 512] is more deadly.} 24. Bg6+ {[%mdl 64] Decoy} (24. gxf3 Qg3+) 24... Kxg6 25. Qd3+ Be4 26. Qxe4+ dxe4 27. Rxd6 Rhd8) 24. Bxe4 Rxe4 25. Qxd5+ (25. Re1 $17 Rd8 26. Rxe4 dxe4 27. Qxd6 Rxd6 28. c4 Bxf2+ {[%mdl 64] Decoy} 29. Kxf2 Rd2+ {[%mdl 64] Double Attack} 30. Ke3 Rxb2 31. Kxe4) 25... Qxd5 26. Rxd5 Re2 $1 {De Boer,E (2395)-Vogt,A (2297) Netherlands NED 2024 ½-½ (49)}) 12... Ng6 13. Nxc6 Nxf4 14. Nxd8 Bxd8 15. g3 Ng6 16. Bd3 h4 17. Kd2 Bd7 18. b5 hxg3 19. hxg3 Rxh1 20. Rxh1 Kg8 21. Bd4 Be8 22. Re1 Ne7 23. Bc5 Nc8 24. Rh1 g6 $6 {Inaccuracy. Nb6 was best.} (24... Nb6 25. Nd4 Nc4+ 26. Ke2 Nxe5 27. Bh7+ Kh8 28. Bf5+ Kg8) 25. Nh2 Nb6 26. Ng4 Nd7 27. Bd4 Kg7 28. a4 Rc8 29. Bc3 ({And not} 29. Bxa7 Ba5+ 30. Ke2 b6 $15) 29... Be7 30. f3 Bg5+ 31. f4 Be7 32. Bd4 Bc5 33. Bc3 (33. c3 {is more complex.} Be7 34. a5 b6 35. a6 Rd8 36. Ke2) 33... Be7 34. a5 Bd8 35. Ra1 Be7 36. Rb1 Bc5 37. Ke2 Bf2 38. Bd2 Bd4 39. Be3 Bc3 40. Bxa7 Bxa5 41. Bd4 Bb6 42. Ke3 Ra8 43. Bxb6 Nxb6 44. Kd4 Nd7 45. b6 $6 {Inaccuracy. c4 was best.} (45. c4 dxc4) 45... Ra4+ 46. c4 dxc4 47. Bxc4 Nf8 48. Nf6 Bc6 49. g4 Ra3 $6 {Inaccuracy. g5 was best.} (49... g5 50. f5 exf5 51. gxf5 Nd7 52. Nxd7 Bxd7 53. f6+ Kg6 54. Kc5 Kf5 $1 55. Bd5) (49... Nd7 $14) 50. Bb5 $16 Bg2 $4 {Blunder. Bxb5 was best.} (50... Bxb5) (50... Bxb5 $16 51. Rxb5 g5) 51. Rc1 Rf3 52. Rc7 $4 {Blunder. Rc8 was best.} (52. Rc8 Rxf4+ 53. Kc5 Rf3 54. Kd6 Nh7 55. Rg8+ Kh6 56. Rh8 Kg5 57. Rxh7 Rb3) (52. Ne8+ $18 Kh6 53. Rc7 (53. g5+ Kh7 $18) 53... Rxf4+ 54. Kc3) 52... Rxf4+ 53. Ke3 Rf3+ 54. Ke2 {Be8 is the strong threat.} Rb3 $4 {[#] Blunder. Nh7 was best.} (54... Nh7 55. Ne8+ Kh6 56. Nd6 Ng5 57. Rxb7 Bf1+ {[#]} 58. Kd1 $1 Bxb5 59. Nxb5 Ne4 60. Ra7) (54... Nh7 $16) 55. Be8 $1 $18 Kh6 56. Rxf7 Rxb6 57. Rxf8 Kg5 58. Kf2 Bc6 59. Bxc6 Rxc6 {[%mdl 4096] Endgame KRN-KR} 60. Ke3 Rc3+ 61. Kd4 Rc1 62. Re8 Rc6 63. Rb8 b6 64. Rg8 Rc1 65. Re8 Rc6 66. Ne4+ Kxg4 67. Nd6 Rc1 68. Rxe6 Rd1+ 69. Ke3 g5 70. Rg6 b5 71. Rg8 b4 72. Rb8 Re1+ 73. Kd4 Kf4 {intending ...Rd1+.} 74. Rf8+ Kg4 75. Ne4 {Strongly threatening e6.} b3 {If only Black now had time for ...b2....} 76. Nf2+ Kg3 {White must now prevent ...b2.} 77. Nd3 Re2 78. Rb8 g4 79. Rxb3 {Intending Nc1+ and mate.} Kh2 $6 {Inaccuracy. Kh4 was best.} (79... Kh4 80. Rb8 Ra2 81. e6 Ra7 82. Ke5 Kg3 83. Kf5 Kf3 84. Ne5+ Ke3 85. Nxg4+) 80. Nf4 Re1 {White mates.} 81. Re3 Rf1 $4 {Checkmate is now unavoidable. Ra1 was best.} (81... Ra1 82. Ke4 Kg1 83. Re2 Kf1 84. Kf5 g3 85. Kg4 Ra3 86. e6 g2 87. Rxg2) 82. Ke4 g3 $2 {Checkmate is now unavoidable. Kg1 was best.} (82... Kg1 83. Re2 Ra1 84. Kf5 g3 85. Kg4 Ra3 86. Rg2+ Kf1 87. Rxg3 Rxg3+ 88. Kxg3) 83. e6 {Accuracy: White = 77%, Black = 63%.} 1-0

[Event "Sharjah Master 2024"]
[Site "Shsrjah - Abu Dhabi"]
[Date "2024.05.19"]
[Round "6.43"]
[White "Klimkowski, Jan"]
[Black "Suleymenov, Alisher"]
[Result "0-1"]
[WhiteElo "2517"]
[BlackElo "2499"]
[PlyCount "112"]
[EventDate "2024.05.14"]
[EventCountry "UAE"]

{[%evp 0,112,13,12,54,22,38,30,62,41,46,46,60,-18,9,0,18,2,6,-10,5,30,96,97,102,82,67,36,49,-19,-32,-39,-50,-28,-27,-27,-38,-59,-63,-63,-55,-61,-37,-66,-17,-74,-64,-87,-98,-84,-119,-110,-89,-124,-110,-108,-102,-131,-121,-134,-125,-141,-128,-135,-134,-158,-135,-128,-87,-87,-107,-147,-140,-127,-144,-144,-165,-154,-149,-199,-133,-128,-112,-137,-138,-152,-132,-137,-131,-141,-124,-282,-267,-263,-265,-273,-256,-243,-256,-268,-256,-256,-263,-251,-237,-266,-255,-259,-266,-268,-259,-259,-240,-247,-218]} 1. e4 e6 2. d4 d5 3. Nd2 c5 4. Ngf3 cxd4 5. Nxd4 Nf6 6. exd5 Qxd5 7. Nb5 Na6 8. Nc3 Qd4 $146 ({RR} 8... Qd6 9. Qe2 Be7 10. Nc4 Qc7 11. g3 Qc6 12. Rg1 Nb4 13. a3 Nbd5 14. Bd2 O-O 15. Bg2 b5 16. Ne3 Rb8 17. O-O-O Nxc3 18. Bxc3 Qa6 19. Nf5 exf5 20. Qxe7 Be6 21. Rd6 Qc8 22. Rgd1 Ne4 23. Bxe4 {Jaracz,P (2472)-Meier,G (2628) Neuwied GER 2024 ½-½}) ({RR} 8... Qe5+ 9. Be2 Bb4 10. O-O Bxc3 11. bxc3 O-O 12. Nc4 Qc7 13. Qd4 Nd5 14. Bd3 Nc5 15. Bg5 Nxd3 16. cxd3 b5 17. Na3 Qxc3 18. Nxb5 Qxd4 19. Nxd4 Ba6 20. Rfd1 Rfc8 21. Nb3 Rc2 22. d4 Nc3 23. Rd2 {Kaufman,R (2153)-Liu,H (1996) Toronto CAN 2024 ½-½ (39)}) 9. a3 Nc5 10. Qe2 a6 11. Nf3 Qd6 12. b4 Ncd7 13. Bb2 Be7 14. g3 b5 15. Ne4 Qc7 16. Bg2 Nxe4 17. Qxe4 Bb7 18. Qe2 Bf6 19. Bxf6 Nxf6 20. O-O Qc3 21. a4 O-O 22. axb5 axb5 23. Rab1 Ra2 24. Rfc1 Rc8 25. Ne1 $6 {Inaccuracy. Qd3 was best.} (25. Qd3) 25... Bxg2 26. Kxg2 Qc6+ 27. Qf3 Nd5 28. Rb3 Qd6 29. Rd1 Rc4 30. Kg1 g6 31. h4 h5 32. Rdb1 Ra4 33. Qd3 Raxb4 $6 {Inaccuracy. Qc7 was best.} (33... Qc7 34. Qd2 Nc3 35. Rc1 Raxb4 36. Nd3 Rxb3 37. cxb3 Ne4 38. Qe3 Rxc1+ 39. Nxc1) 34. Rxb4 Rxb4 35. Rd1 $6 {Inaccuracy. Rxb4 was best.} (35. Rxb4) 35... Qc5 36. Nf3 Rc4 37. Rd2 Kg7 38. Qe2 Nc3 39. Qe1 $2 {Mistake. Qe5+ was best.} (39. Qe5+ Qxe5 40. Nxe5 Rc7 41. Nf3 Kf6 42. Kf1 Ke7 43. Ne5 Nd5 44. Nd3 f6) 39... Re4 $2 {Mistake. Ne4 was best.} (39... Ne4 40. Re2 Nxg3 41. Qa1+ Rc3 42. Re3 b4 43. Kg2 Nf5 44. Rxc3 bxc3 45. Qa4) 40. Qf1 Rg4 41. Kh2 Ra4 42. Qe1 Ne4 43. Re2 Qd5 44. Re3 Nf6 45. Qc3 $2 {Mistake. Kg2 was best.} (45. Kg2 Ng4 46. Rd3 Qb7 47. Kg1 Qa8 48. Qe2 Qc6 49. Qd1 Rc4 50. Rd7 Rxc2) 45... b4 46. Qe5 Qxe5 47. Nxe5 Ra2 48. Rb3 Rxc2 49. Rxb4 Rxf2+ 50. Kg1 Rf5 51. Nc4 Rc5 52. Kf2 Nd5 53. Ra4 Nc3 54. Rb4 Ne4+ 55. Kg2 Rd5 56. Rb7 Nd6 0-1